Central Library OPAC University of Rajshahi

বাংলার সাধক বাউল / (Record no. 43981)

MARC details
000 -LEADER
fixed length control field 00805nam a2200229 a 4500
001 - CONTROL NUMBER
control field 43981
003 - CONTROL NUMBER IDENTIFIER
rucl marc code BD-RjUL
005 - DATE AND TIME OF LATEST TRANSACTION
control field 20211209053759.0
008 - FIXED-LENGTH DATA ELEMENTS--GENERAL INFORMATION
fixed length control field 160712s1962 ii ||||| |||| 00| 0 ben d
020 ## - INTERNATIONAL STANDARD BOOK NUMBER
Terms of availability : IRs 4.00
035 ## - SYSTEM CONTROL NUMBER
System control number (BD-RjUL)44099
040 ## - CATALOGING SOURCE
Original cataloging agency BD-RjUL
Language of cataloging ben
Transcribing agency BD-RjUL
041 ## - LANGUAGE CODE
Language code of text/sound track or separate title ben
082 ## - DEWEY DECIMAL CLASSIFICATION NUMBER
Edition number 23
Classification number 294.5512
Author mark and year DEB 1962
100 ## - MAIN ENTRY--PERSONAL NAME
Personal name দেবী, ইন্দিরা
9 (RLIN) 135101
245 10 - TITLE STATEMENT
Title বাংলার সাধক বাউল /
Statement of responsibility, etc. ইন্দিরা দেবী
260 ## - PUBLICATION, DISTRIBUTION, ETC. (IMPRINT)
Place of publication, distribution, etc. কলিকাতা :
Name of publisher, distributor, etc. ভারতী বুক স্টল,
Date of publication, distribution, etc. ১৯৬২ [১৩৬৯]
300 ## - PHYSICAL DESCRIPTION
Pagination ১৪৮ পৃ. ;
Size ২১ সেমি.
650 ## - SUBJECT ADDED ENTRY--TOPICAL TERM
Topical term or geographic name as entry element Bauls
Geographic subdivision Bangladesh
9 (RLIN) 135102
Topical term or geographic name as entry element বাউল
Geographic subdivision বাংলাদেশ
9 (RLIN) 124696
942 ## - ADDED ENTRY ELEMENTS (KOHA)
Source of classification or shelving scheme Dewey Decimal Classification
Koha item type Books
Holdings
Lost status Source of classification or shelving scheme Damaged status Not for loan Collection code Permanent Location Current Location Shelving location Date acquired Source of acquisition Cost, normal purchase price Total Checkouts Full call number Date last seen Date checked out Copy number Koha item type
  Dewey Decimal Classification     Non-fiction Central Library, University of Rajshahi Central Library, University of Rajshahi   17/01/1965 Ideal 4.50 1 B 294.5512 DEB 1962 24/05/2017 23/05/2017 C-2 Books
  Dewey Decimal Classification   Not For Loan Non-fiction Central Library, University of Rajshahi Central Library, University of Rajshahi Reading Room 17/01/1967 Ideal 4.50   B 294.5512 DEB 1962 24/12/2016   C-1 Books